Pin Asia on a Borderless Map - Sudden Death - Statistics

General Stats
  • This quiz has been taken 107,727 times
  • The average score is 15 of 50
Answers on the Map
Answers color-coded by a green-red scale on the quiz's map according to % correct below.
 
Answer Stats
Country % Correct
China
42%
India
42%
Japan
42%
South Korea
42%
Saudi Arabia
41%
Sri Lanka
41%
Turkey
41%
Cyprus
40%
Indonesia
40%
North Korea
40%
Philippines
40%
Taiwan
40%
Maldives
38%
Oman
37%
Vietnam
37%
Yemen
37%
Kazakhstan
35%
Malaysia
34%
Mongolia
34%
Iran
33%
United Arab Emirates
33%
Myanmar
32%
Bangladesh
31%
Pakistan
31%
Thailand
31%
Qatar
30%
Cambodia
28%
Georgia
26%
Iraq
26%
Nepal
26%
Azerbaijan
25%
Singapore
25%
Bahrain
24%
East Timor
24%
Israel
24%
Syria
24%
Afghanistan
23%
Kuwait
23%
Laos
23%
Bhutan
22%
Jordan
22%
Armenia
19%
Lebanon
19%
Brunei
18%
Turkmenistan
18%
Palestine
17%
Uzbekistan
17%
Kyrgyzstan
16%
Tajikistan
14%
Kashmir
13%
No matching quizzes found
Score Distribution
Percent of People with Each Score
Percentile by Number Answered
Your Score History
You have not taken this quiz